| 000 | 00000nas 2200000zi 4500 |
| 001 | 9.879375 |
| 003 | CaOODSP |
| 005 | 20250902140202 |
| 006 | m o d f |
| 007 | cr cn |||||||| |
| 008 | 190917c20199999qucar p o f0###b0fre|d |
| 022 | |a2562-9050 |
| 040 | |aCaOODSP|bfre|erda|cCaOODSP |
| 043 | |an-cn--- |
| 086 | 1 |aR31-34F-PDF |
| 110 | 1 |aCanada. |bRelations Couronne-Autochtones et affaires du Nord Canada. |
| 222 | 0|aMise en œuvre des traités modernes et des ententes sur l’autonomie gouvernementale |
| 245 | 10|aMise en œuvre des traités modernes et des ententes sur l’autonomie gouvernementale : |brapport annuel provisoire. |
| 264 | 1|a[Gatineau (Québec)] : |b[Relations Couronne-Autochtones et affaires du Nord], |c[2019]- |
| 310 | |aAnnuel |
| 336 | |atexte|btxt|2rdacontent/fre |
| 337 | |ainformatique|bc|2rdamedia/fre |
| 338 | |aressource en ligne|bcr|2rdacarrier/fre |
| 362 | 1 |aParaît depuis 2015/2018. |
| 500 | |aPublié aussi en anglais sous le titre : Modern treaties and self-government agreements: provisional annual report. |
| 588 | |aDescription d'après : 2015/2018. |
| 588 | |aDernière livraison consultée : 2015/2018. |
| 610 | 16|aCanada. |bRelations Couronne-Autochtones et affaires du Nord Canada|vPériodiques. |
| 650 | 6|aAutochtones|zCanada|xPolitique et gouvernement|vPériodiques. |
| 650 | 6|aAutochtones|zCanada|xTraités|vPériodiques. |
| 775 | 08|tImplementation of modern treaties and self-government agreements : |w(CaOODSP)9.879374 |